International Business: Competing in the Global Marketplace (Record no. 683)

MARC details
000 -LEADER
Fixed length control field 00547nam a2200181 4500
003 - CONTROL NUMBER IDENTIFIER
Control field SEACOMMC
005 - DATE AND TIME OF LATEST TRANSACTION
Control field 20250422144653.0
008 - FIXED-LENGTH DATA ELEMENTS--GENERAL INFORMATION
Fixed length control field 241022b |||||||| |||| 00| 0 eng d
020 ## - INTERNATIONAL STANDARD BOOK NUMBER / ISBN
International Standard Book Number 978-12-59098-03-1
Price Rs.425.00
040 ## - CATALOGING SOURCE
Original cataloging agency SEACOMMC
082 ## - DEWEY DECIMAL CLASSIFICATION NUMBER
Classification number 658.049
Book Number H 645
100 ## - MAIN ENTRY--PERSONAL NAME
Personal name Hill, Charles W L
245 1# - TITLE STATEMENT
Title International Business: Competing in the Global Marketplace
Statement of responsibility Charles W L Hill and Arun Kumar Jain
250 ## - EDITION STATEMENT
Edition statement 5th ed.
260 ## - IMPRINT
Place of publication New Delhi
Name of publisher Tata McGraw Hill
Date of publication 2006
650 ## - SUBJECT ADDED ENTRY--TOPICAL TERM
Topical term International Business
942 ## - ADDED ENTRY ELEMENTS (KOHA)
Koha item type Books
Holdings
Withdrawn status Lost status Source of classification Damaged status Not for loan Home library Current library Shelving location Date acquired Total Checkouts Call number Accession number Date last seen Price effective from Koha item type Copy number
    Dewey Decimal Classification     SEACOM MANAGEMENT COLLEGE SEACOM MANAGEMENT COLLEGE Reference 01/11/2007   658.049 H 645 M-601 22/10/2024 22/10/2024 Books  
    Dewey Decimal Classification     SEACOM MANAGEMENT COLLEGE SEACOM MANAGEMENT COLLEGE   01/11/2007   658.049 H 645 M-602 22/10/2024 22/10/2024 Books 1
© Seacom Engineering College, All rights reserved.    Powered by Koha